000 00365nam a22001457a 4500
999 _c7708
_d7708
003 GBCCL
005 20241126110634.0
008 180912b ||||| |||| 00| 0 eng d
040 _cgbc
082 _aSOU SON
_b2008
245 _aSongtal centenary plus souvenir 2008
260 _c2008
_aSongtal:
_bSongtal souvenir committee,
300 _a92p. ;
942 _2ddc
_cARCH